جنگلی جلوٹ / (Record no. 37173)

MARC details
000 -LEADER
fixed length control field 00943nam a22002297a 4500
005 - DATE AND TIME OF LATEST TRANSACTION
control field 20100721124538.0
008 - FIXED-LENGTH DATA ELEMENTS--GENERAL INFORMATION
fixed length control field 100412t xxu||||| |||| 00| 0 ur d
020 ## - INTERNATIONAL STANDARD BOOK NUMBER
Terms of availability 10.00
035 ## - SYSTEM CONTROL NUMBER
System control number B-395146-152
037 ## - SOURCE OF ACQUISITION
Source of stock number/acquisition Educational Publishing House
040 ## - CATALOGING SOURCE
Original cataloging agency dpl
Language of cataloging ur
082 ## - DEWEY DECIMAL CLASSIFICATION NUMBER
Classification number ک
100 ## - MAIN ENTRY--PERSONAL NAME
Personal name صائمہ انيس
9 (RLIN) 649
245 ## - TITLE STATEMENT
Title جنگلی جلوٹ /
Statement of responsibility, etc صائمہ انيس
Remainder of title
246 ## - VARYING FORM OF TITLE
Title proper/short title Jungli Jaloot /
Remainder of title by Saima Anees
260 ## - PUBLICATION, DISTRIBUTION, ETC. (IMPRINT)
Place of publication, distribution, etc دلّی
Name of publisher, distributor, etc ايجو کيشنل پبلشنگ ہاؤس
Date of publication, distribution, etc ت. ن.
270 ## - ADDRESS
Address 3108,VakilStreet, Kucha Pandit, Lal Kuan
City Delhi
Postal code 110006
Telephone number 23216162, 23214465
Electronic mail address info@ephbooks.com,ephdelhi@yahoo.com
Fax number 0091-11-23211540
300 ## - PHYSICAL DESCRIPTION
Extent 24 ص
Other physical details 22 س م (pbk)
500 ## - GENERAL NOTE
General note
942 ## - ADDED ENTRY ELEMENTS (KOHA)
Source of classification or shelving scheme Dewey Decimal Classification
Item type Urdu Bks
Classification part ک
Call number suffix ص ا ء

No items available.


© Delhi Public Library
Hit Counter
free hit counter